000 01859cam a22004694i 4500
003 PE-LiUPU
005 20250731173324.0
008 150625s r 000 0 d
020 _a8481696986
035 _a(Sirsi) i9788481696981
040 _aPE-LiUPU
_bspa
_cPE-LiUPU
_erda
049 _aPRUA
082 0 4 _a226.3
_bV64
_221
100 1 _aVillota Herrero, Salvador,
_eautor.
245 1 0 _aPalabras sin ocaso :
_bfunción interpretativa de Mc 13,28-37 en el discurso escatológico de Marcos /
_cSalvador Villota Herrero.
264 1 _aNavarra :
_bVerbo Divino,
_c2006.
300 _a425 páginas ;
_c24 centímetros
336 _atext
_2rdacontent
337 _aunmediated
_2rdamedia
338 _avolume
_2rdacarrier
490 0 _aInsituto Bíblico y Oriental ;
_v1
504 _aIncluye bibliografía.
505 0 _aAnálisis exegético de Mc 13,28-37. -Las características de las correlaciones exitentes entre Mc 13,28-37 y el resto del capítulo. -Consonancia de Mc 13,28-37 con el resto del EvMc. -Visión retrospectiva: peculiaridad de Mc 13, 28-37.
526 _aSEG42
526 _aSEG41
526 _aSEG40
526 _aSEG39
526 _aP94
526 _aP87
526 _aP86
526 _aP85
526 _aP77
526 _aP76
526 _aP35
541 _g006-0034605;
630 _aBiblia.
_pN.T.
_pMarcos
_xComentarios.
942 _2ddc
_cBOOK
949 _a226.3 V64
_wDEWEY
_c1
_i57805
_lCCODEBUL1
_mBUL
_p41.00
_r0
_sY
_tBOOK
_u2015-6-25
_xTEOLOGIA
_zUNKNOWN
_0COMPRA
_o.STAFF. Colección General
994 _aC0
_bPEPRU
596 _a1
999 _a226.3 V64
_wDEWEY
_c46801
_i57805
_f2021-11-9
_g5
_lCCODEBUL1
_mBUL
_p41.00
_r0
_sY
_tBOOK
_u2015-6-25
_xTEOLOGIA
_zUNKNOWN
_0COMPRA
_o.STAFF. Colección General
_d46801
980 _81
_gALBERTO SANCHEZ Responsable de Automatización